[Event "Challenge"]
[Site "http://www.queenalice.com/game.php?id=735756"]
[Date "2010.2.21"]
[Round "-"]
[White "assinho"]
[Black "KaspaBranca"]
[Result "0-1"]
[WhiteElo "1546"]
[BlackElo "2121"]

1. d4 Nf6 2. c4 e6 3. Nf3 b6 4. g3 Ba6 5. b3 Bb4+ 6. Bd2 Be7 7. Bg2 c6 8. O-O d5
9. cxd5 cxd5 10. Re1 Nc6 11. Nc3 O-O 12. Rc1 Ba3 13. Rc2 Nb4 14. e3 Nxc2 15.
Qxc2 Rc8 16. Qb1 Qe7 17. Ne5 Bb4 18. Rc1 Rc7 19. Rc2 Rfc8 20. Qc1 Ne4 21. Bxe4
dxe4 22. Ng4 Bd3 0-1

[Event "Challenge"]
[Site "http://www.queenalice.com/game.php?id=738776"]
[Date "2010.2.28"]
[Round "-"]
[White "RobertoAllan"]
[Black "KaspaBranca"]
[Result "0-1"]
[WhiteElo "1211"]
[BlackElo "2122"]

1. e4 e6 2. Nf3 c5 3. Bc4 a6 4. O-O Nf6 5. Nc3 b5 6. Be2 Nc6 7. d3 Be7 8. Bf4 b4
9. Na4 O-O 10. c3 d6 11. cxb4 e5 12. Bg5 Nxb4 13. d4 cxd4 14. Qb3 Rb8 15. a3 Be6
16. Qc2 Nxc2 17. Rac1 Bb3 18. Bd1 Bxa4 19. Bxc2 Bxc2 20. Rxc2 Nxe4 21. Bc1 d3
22. Rc6 Qa5 23. Rd1 Qa4 24. h3 Qxd1+ 25. Kh2 Rfc8 26. Rxc8+ Rxc8 27. Be3 d5 28.
Nxe5 Bd6 29. f4 Qe1 30. Bd4 Qg3+ 31. Kg1 Rc1# 0-1

[Event "Challenge"]
[Site "http://www.queenalice.com/game.php?id=845404"]
[Date "2010.10.14"]
[Round "-"]
[White "KaspaBranca"]
[Black "MarcD"]
[Result "1-0"]
[WhiteElo "2133"]
[BlackElo "2066"]

1. d4 d5 2. Nc3 Nf6 3. Bf4 c6 4. Nf3 Bf5 5. Nh4 Bg6 6. Qd2 e6 7. O-O-O Bd6 8. g3
Qc7 9. f3 Nbd7 10. Bxd6 Qxd6 11. Nxg6 hxg6 12. e4 dxe4 13. fxe4 Qb4 14. a3 Qa5
15. h4 O-O-O 16. Qf2 Rhf8 17. e5 Nd5 18. Ne4 f5 19. Nd6+ Kb8 20. c4 Ne7 21. Be2
Nc8 22. Rhe1 Ndb6 23. Bd3 Na8 24. c5 Nc7 25. Bc2 Nd5 26. Qf3 Nce7 27. Qd3 Qc7
28. Qb3 Ng8 29. Bd3 Ka8 30. Kb1 Nh6 31. Be2 Nf7 32. g4 Rh8 33. gxf5 gxf5 34. Rg1
Rh7 35. h5 Qe7 36. Qg3 Nh8 37. Bf3 Nc7 38. Qg5 Qxg5 39. Rxg5 Ne8 40. Rdg1 Nxd6
41. exd6 Rd7 42. Kc2 a6 43. Re1 Rh6 44. Rg2 Rf7 45. Reg1 Rh7 46. Kd3 Kb8 47. Rg6
1-0

[Event "Challenge"]
[Site "http://www.queenalice.com/game.php?id=845405"]
[Date "2010.10.14"]
[Round "-"]
[White "MarcD"]
[Black "KaspaBranca"]
[Result "0-1"]
[WhiteElo "2067"]
[BlackElo "2123"]

1. d4 d5 2. Nf3 Nf6 3. Bf4 c6 4. e3 Qb6 5. Qc1 h6 6. h3 g5 7. Be5 Nbd7 8. Bd3
Nxe5 9. Nxe5 Nd7 10. Nxd7 Bxd7 11. Nd2 e5 12. dxe5 Bg7 13. c3 Bxe5 14. Qc2 O-O-O
15. Bf5 c5 16. Bxd7+ Rxd7 17. Nf3 Re8 18. O-O Bf6 19. Rad1 Qe6 20. Qa4 Kb8 21.
b4 g4 22. hxg4 Qxg4 23. Nh2 Qf5 24. bxc5 Re4 25. Qb5 Rc7 26. Rb1 Bxc3 27. c6 b6
28. Rfd1 Qg6 29. Rxd5 Qxc6 30. Rd8+ Kb7 31. Qxc6+ Kxc6 32. Rc1 Kb5 33. Nf3 Rc5
34. Rd7 Ra4 35. Rc2 f6 36. Rd3 Be5 37. Rxc5+ bxc5 38. Rd2 Bc3 39. Rd8 Rxa2 40.
Rh8 a5 41. Rxh6 a4 42. Rh8 a3 43. Rb8+ Ka4 44. Rc8 Rc2 45. g3 a2 0-1

[Event "AUTO-OPEN-3152"]
[Site "http://www.queenalice.com/game.php?id=1243403"]
[Date "2013.12.28"]
[Round "1"]
[White "KaspaBranca"]
[Black "SportRecife"]
[Result "1-0"]
[WhiteElo "2129"]
[BlackElo "2151"]

1. e4 e5 2. Nf3 Nc6 3. Bb5 a6 4. Ba4 Bc5 5. Bxc6 dxc6 6. O-O Bg4 7. d3 Bxf3 8.
Qxf3 h6 9. Qg3 Qf6 10. Be3 Bd6 11. a3 b5 12. a4 c5 13. axb5 Ne7 14. Rxa6 O-O 15.
Nc3 Qg6 16. Qxg6 Nxg6 17. Rfa1 Rab8 18. g3 Rfe8 19. Ra7 Nf8 20. R1a5 Rec8 21. f4
Ne6 22. fxe5 Bxe5 23. Nd5 Kf8 24. c3 Rd8 25. Kf2 g5 26. Kf3 h5 27. h4 g4+ 28.
Kg2 Ke8 29. Bf4 Bxf4 30. gxf4 Rxd5 31. exd5 Nxf4+ 32. Kg3 Nxd5 33. c4 Nb6 34.
Rxc7 Nd7 35. Ra6 Rd8 36. Kf4 Nf8 37. Ke3 Ne6 38. Rb7 Rc8 39. Raa7 Nd8 40. Re7+
Kf8 41. Kf2 Rb8 42. Rec7 Rb6 43. Rxc5 Rh6 44. Ra8 Ke7 45. Ra7+ Ke8 46. Re5+ Kf8
47. Ra8 Rd6 48. Rxh5 Rxd3 49. Rh8+ Ke7 50. Ke2 Rd7 51. Rg8 f5 52. Rgxd8 Rxd8 53.
Rxd8 Kxd8 54. h5 1-0

[Event "AUTO-OPEN-3152"]
[Site "http://www.queenalice.com/game.php?id=1243404"]
[Date "2013.12.28"]
[Round "1"]
[White "SportRecife"]
[Black "KaspaBranca"]
[Result "0-1"]
[WhiteElo "2178"]
[BlackElo "2112"]

1. e4 e5 2. Nf3 Nc6 3. Nc3 Nf6 4. Bc4 Bc5 5. O-O O-O 6. d3 h6 7. a3 d6 8. h3 a6
9. b4 Bd4 10. Ne2 Bxa1 0-1

[Event "AUTO-OPEN-3152"]
[Site "http://www.queenalice.com/game.php?id=1243405"]
[Date "2013.12.28"]
[Round "1"]
[White "KaspaBranca"]
[Black "clovis"]
[Result "1-0"]
[WhiteElo "2114"]
[BlackElo "1987"]

1. e4 e5 2. Nf3 Nc6 3. Bb5 f5 4. Nc3 fxe4 5. Nxe4 d5 6. Nxe5 dxe4 7. Nxc6 Qd6 8.
Qh5+ g6 9. Nxa7+ c6 10. Nxc8 Rxc8 11. Qh3 Rd8 12. Bc4 Nf6 13. O-O Be7 14. d3
exd3 15. Bxd3 O-O 16. Bh6 Rfe8 17. Rae1 Nd5 18. Re6 Nf4 19. Bxf4 Qd7 20. Bxg6
hxg6 21. Rxg6+ 1-0

[Event "AUTO-OPEN-3152"]
[Site "http://www.queenalice.com/game.php?id=1243406"]
[Date "2013.12.28"]
[Round "1"]
[White "clovis"]
[Black "KaspaBranca"]
[Result "0-1"]
[WhiteElo "1954"]
[BlackElo "2122"]

1. e4 e5 2. Bc4 Nf6 3. Nc3 Nc6 4. Nf3 Nxe4 5. O-O Nxc3 6. dxc3 Be7 7. Qd5 O-O 8.
Nxe5 Nxe5 9. Qxe5 Bf6 10. Qh5 c6 11. Re1 d5 12. Bd3 g6 13. Qf3 Be6 14. Bh6 Re8
15. Re2 a5 16. Rae1 b5 17. g3 b4 18. h4 bxc3 19. h5 cxb2 20. hxg6 hxg6 21. c3
Bxc3 22. Rxe6 fxe6 23. Qg4 Qf6 24. Bxg6 Bxe1 25. Bxe8+ Kh7 0-1

[Event "AUTO-OPEN-3152"]
[Site "http://www.queenalice.com/game.php?id=1243407"]
[Date "2013.12.28"]
[Round "1"]
[White "KaspaBranca"]
[Black "Givanildo"]
[Result "1-0"]
[WhiteElo "2113"]
[BlackElo "1517"]

1. e4 e6 2. d4 d5 3. Nc3 Bb4 4. e5 Bd7 5. Qg4 g6 6. Bg5 f6 7. Bd2 f5 8. Qf4 h6
9. Nge2 g5 10. Qg3 f4 11. Nxf4 Ne7 12. Nh5 Nf5 13. Qd3 a6 14. g4 Bb5 15. Nxb5
Bxd2+ 16. Kxd2 axb5 17. gxf5 c6 18. Ng7+ Kf7 19. Nxe6 Qe7 20. Bh3 Nd7 21. a3
Rag8 22. Rhg1 h5 23. f6 Nxf6 24. exf6 g4 25. fxe7 Kxe6 26. Rae1+ Kd7 27. Qf5+
Ke8 28. Re6 gxh3 29. Rxg8+ Rxg8 30. Qxh5+ Kd7 31. Qf7 Re8 32. Rg6 Rxe7 33. Qf5+
Kc7 34. Qf4+ Kb6 35. c4 bxc4 36. Qd6 Re8 37. Rg7 Rc8 38. Qc5+ Ka6 39. Kc3 b6 40.
Qe7 Kb5 41. Qa7 c5 42. Rg6 cxd4+ 43. Kxd4 Rc6 44. Qd7 Ka4 45. Qxc6+ b5 46. f4
Kb3 47. Rg3+ Kxb2 48. Qxb5+ Kc2 49. Rc3+ Kd2 50. Qb2+ Ke1 51. Rc1# 1-0

[Event "AUTO-OPEN-3152"]
[Site "http://www.queenalice.com/game.php?id=1243408"]
[Date "2013.12.28"]
[Round "1"]
[White "Givanildo"]
[Black "KaspaBranca"]
[Result "0-1"]
[WhiteElo "1499"]
[BlackElo "2112"]

1. Nf3 d5 2. Nc3 Nf6 3. d3 Bg4 4. h3 Bxf3 5. gxf3 Qd6 6. Bg2 Nc6 7. f4 e5 8. Nb5
Qb4+ 9. Nc3 d4 10. a3 Qa5 11. Bxc6+ bxc6 12. b4 Bxb4 13. axb4 Qxa1 14. Ne4 Nxe4
15. dxe4 Rb8 16. O-O Rxb4 17. Qd3 Rb1 18. Qd2 f6 19. f5 O-O 20. h4 a5 21. h5 a4
22. h6 Qc3 23. hxg7 Rf7 24. Qh6 a3 25. Bd2 Rxf1+ 26. Kxf1 Qxc2 27. Bg5 a2 28.
Bxf6 Qxe4 29. f3 a1=Q+ 30. Kf2 Qxf5 31. Bg5 Qb2 32. Bd2 e4 33. Qxc6 e3+ 34. Kf1
Qh3+ 35. Ke1 Qxd2# 0-1

[Event "AUTO-MASTER-2017"]
[Site "http://www.queenalice.com/game.php?id=1248385"]
[Date "2014.1.15"]
[Round "1"]
[White "szachista92"]
[Black "KaspaBranca"]
[Result "0-1"]
[WhiteElo "1876"]
[BlackElo "2156"]

1. e4 e5 2. Nf3 Nc6 3. d4 Bd6 4. d5 Nce7 5. c4 c6 6. Nc3 Nf6 7. a3 O-O 8. b4 b6
9. h3 a5 10. b5 cxd5 11. exd5 Nf5 0-1

[Event "AUTO-MASTER-2017"]
[Site "http://www.queenalice.com/game.php?id=1248386"]
[Date "2014.1.15"]
[Round "1"]
[White "KaspaBranca"]
[Black "szachista92"]
[Result "1-0"]
[WhiteElo "2160"]
[BlackElo "1871"]

1. e4 g6 2. d4 Bg7 3. e5 d6 4. Qe2 dxe5 5. dxe5 Nc6 6. f4 Bf5 7. Nf3 Nd4 8. Nxd4
Qxd4 9. Nc3 c6 10. g4 Be6 11. Be3 Qb4 12. O-O-O 1-0

[Event "AUTO-MASTER-2017"]
[Site "http://www.queenalice.com/game.php?id=1248397"]
[Date "2014.1.15"]
[Round "1"]
[White "Zugswang"]
[Black "KaspaBranca"]
[Result "1-0"]
[WhiteElo "2038"]
[BlackElo "2142"]

1. e4 e5 2. f4 exf4 3. Nf3 g5 4. Bc4 Bg7 5. O-O b5 6. Bxb5 g4 7. Bc4 Qf6 8. e5
Qc6 9. Bxf7+ Kxf7 10. Ng5+ Ke8 11. Qxg4 Ne7 12. d4 d5 13. Qh5+ Qg6 14. Qxg6+
Nxg6 15. Bxf4 Nxf4 16. Rxf4 Bh6 17. h4 Rg8 18. Nc3 c6 19. Raf1 Bxg5 20. hxg5 Be6
21. Rf6 Ke7 22. Rh6 Rg7 23. Rff6 Bf7 24. Na4 Nd7 25. Rxc6 Rb8 26. e6 Be8 27. Rc7
a5 28. exd7 Bxd7 29. Nc5 Ke8 30. Rxd7 Rxd7 31. Nxd7 Kxd7 32. Rxh7+ Ke6 33. g6
Rxb2 34. Rc7 Rb8 35. g7 Kf6 36. Ra7 Rg8 37. Rxa5 Kxg7 38. Rxd5 Ra8 39. c4 Rxa2
40. c5 Kf6 41. Re5 Ra4 42. Re4 Kf5 43. Re5+ Kf6 44. Rd5 Ra2 45. c6 Ra7 46. Rd7
Rxd7 47. cxd7 Ke7 48. Kf2 Kxd7 49. Ke3 1-0

[Event "AUTO-MASTER-2017"]
[Site "http://www.queenalice.com/game.php?id=1248398"]
[Date "2014.1.15"]
[Round "1"]
[White "KaspaBranca"]
[Black "Zugswang"]
[Result "1-0"]
[WhiteElo "2145"]
[BlackElo "2118"]

1. e4 g6 2. d4 Bg7 3. c4 c5 4. d5 b5 5. cxb5 d6 6. Nf3 a6 7. bxa6 Bxa6 8. Qa4+
Qd7 9. Qc2 Nf6 10. Bxa6 Nxa6 11. Bd2 Nb4 12. Bxb4 cxb4 13. Nbd2 Rc8 14. Qb3 Qb5
15. a4 Qb7 16. O-O O-O 17. Rfe1 Ng4 18. a5 Qa7 19. Re2 Rc5 20. Nc4 Rfc8 21. h3
Rxc4 22. hxg4 Rc1+ 23. Rxc1 Rxc1+ 24. Re1 Rxe1+ 25. Nxe1 Qxa5 26. Nd3 Qa1+ 27.
Kh2 Qb1 28. Kg3 g5 29. Kf3 Bd4 30. Ke2 Bc5 31. Qc4 h6 32. e5 f6 33. Nxc5 Qxb2+
34. Kf3 dxc5 35. d6+ Kf8 36. dxe7+ Kxe7 37. Qxc5+ Kf7 38. Qd5+ Kg7 39. Qd7+ Kf8
40. Qd8+ Kf7 41. Qxf6+ Ke8 42. Qc6+ Kd8 43. Qd6+ Kc8 44. e6 Qf6+ 45. Ke4 Qf4+
46. Qxf4 gxf4 47. Kd3 Kc7 48. Kc4 Kd6 49. e7 Kxe7 50. Kxb4 Kf6 51. f3 Kg5 52.
Kc5 Kh4 53. Kd6 Kg3 54. Ke5 Kxg2 55. Kxf4 Kf2 56. Ke4 Kg3 57. f4 Kf2 58. g5 h5
59. g6 h4 60. g7 h3 61. g8=Q h2 62. Qa2+ Kg1 63. Qa7+ Kg2 64. Qg7+ Kf1 65. Ke3
h1=Q 66. Qa1+ Kg2 67. Qxh1+ Kxh1 68. f5 Kg2 69. f6 Kg3 70. f7 1-0

[Event "AUTO-MASTER-2017"]
[Site "http://www.queenalice.com/game.php?id=1248405"]
[Date "2014.1.15"]
[Round "1"]
[White "KaspaBranca"]
[Black "Rutty"]
[Result "1-0"]
[WhiteElo "2127"]
[BlackElo "2033"]

1. e4 e5 2. Nc3 Nf6 3. Bc4 Bc5 4. d3 h6 5. Nf3 d6 6. Na4 Nc6 7. h3 Be6 8. Bxe6
fxe6 9. Nxc5 dxc5 10. a3 Qd6 11. O-O O-O-O 12. Be3 g5 13. b4 Nd4 14. Nd2 Nd7 15.
c3 Nb5 16. Nc4 Qe7 17. bxc5 Nxc5 18. a4 Nxc3 19. Qc2 N3xa4 20. Rxa4 Nxa4 21.
Qxa4 a6 22. Qc2 h5 23. Nxe5 g4 24. Rb1 gxh3 25. Qc6 bxc6 26. Ba7 hxg2 27. Rb8#
1-0

[Event "AUTO-MASTER-2017"]
[Site "http://www.queenalice.com/game.php?id=1248406"]
[Date "2014.1.15"]
[Round "1"]
[White "Rutty"]
[Black "KaspaBranca"]
[Result "0-1"]
[WhiteElo "2021"]
[BlackElo "2136"]

1. d4 d5 2. c4 c6 3. Nf3 Nf6 4. e3 e6 5. Nc3 Nbd7 6. c5 b6 7. b4 Ng4 8. h3 Ngf6
9. Bd3 a5 10. Ba3 axb4 11. Bxb4 bxc5 12. dxc5 Bxc5 13. Bxc5 Nxc5 14. Be2 Ra3 15.
Qc2 Qa5 16. Rc1 Nfe4 17. O-O Nxc3 18. Nd4 Bb7 19. Bf3 Ba6 20. Nxc6 Qb6 21. Rb1
Nxb1 22. Rxb1 Qxc6 23. Qb2 Bd3 24. Rc1 Ra8 25. Qc3 O-O 26. Qxd3 Nxd3 27. Rxc6
Rxa2 0-1

[Event "Challenge"]
[Site "http://www.queenalice.com/game.php?id=1249603"]
[Date "2014.1.19"]
[Round "-"]
[White "jpribeiro"]
[Black "KaspaBranca"]
[Result "1-0"]
[WhiteElo "1962"]
[BlackElo "2163"]

1. Nf3 Nc6 2. g3 d6 3. Bg2 e5 4. d3 d5 5. O-O Bg4 6. h3 Bh5 7. g4 Bg6 8. Bg5 Be7
9. Bxe7 Qxe7 10. Nc3 Nf6 11. g5 Nh5 12. Nxd5 Qd6 13. c4 e4 14. dxe4 Bxe4 15. Nc3
Bxf3 16. Qxd6 cxd6 17. Bxf3 Nf4 18. Bg4 h5 19. e3 Nd3 20. Be2 Nde5 21. f4 Nd7
22. Rad1 Ke7 23. Nd5+ Kd8 24. b4 Ne7 25. Rd2 Re8 26. Nxe7 Rxe7 27. Bxh5 g6 28.
Bg4 Rxe3 29. Rxd6 Rg3+ 30. Kh2 Rxg4 31. hxg4 Kc7 32. Rfd1 Rd8 33. c5 a6 34. a4
Rh8+ 35. Kg2 Nb8 36. Rf6 Rf8 37. Re1 Kc8 38. f5 Nd7 39. Rd6 Nb8 40. fxg6 fxg6
41. Rxg6 Nc6 42. Rf6 Rg8 43. b5 axb5 44. axb5 Nd4 45. b6 Nb5 46. Re7 Nc3 47.
Rc7+ Kb8 48. Rff7 Nd5 49. Rxb7+ Kc8 50. Ra7 Kb8 51. Rfb7+ Kc8 52. c6 Nxb6 53.
Rxb6 Rg6 54. Ra8+ Kc7 55. Rb7+ Kxc6 56. Ra6+ Kxb7 57. Rxg6 Kc7 58. Kf3 Kd7 59.
Kf4 Ke7 60. Kf5 Kf7 61. Re6 Kg7 62. Re7+ Kf8 63. Kf6 1-0

[Event "OS INCLIVEIS"]
[Site "http://www.queenalice.com/game.php?id=1270129"]
[Date "2014.4.3"]
[Round "-"]
[White "adelio"]
[Black "KaspaBranca"]
[Result "0-1"]
[WhiteElo "1786"]
[BlackElo "2145"]

1. b4 e5 2. b5 Qf6 3. Bb2 Bc5 4. e3 d6 5. Nc3 Qe6 6. Ne4 h6 7. Nxc5 dxc5 8. Nf3
Nd7 9. Be2 b6 10. h4 Bb7 11. h5 O-O-O 12. a4 f6 13. Nh4 Ne7 14. Bg4 f5 15. Bh3
g5 16. hxg6 Rdg8 17. O-O Nxg6 18. Bxf5 Nxh4 19. g3 Qxf5 20. Kh2 Nf3+ 21. Qxf3
Qxf3 22. Rg1 Qxf2+ 23. Kh3 Qf5+ 24. g4 Qxc2 25. Bc3 Rg5 26. Raf1 h5 27. Kh4
Rxg4+ 28. Rxg4 hxg4+ 29. Kxg4 Qe4+ 30. Rf4 Qg6# 0-1

[Event "OS INCLIVEIS"]
[Site "http://www.queenalice.com/game.php?id=1270131"]
[Date "2014.4.3"]
[Round "-"]
[White "KaspaBranca"]
[Black "adelio"]
[Result "1-0"]
[WhiteElo "2146"]
[BlackElo "1796"]

1. e4 g6 2. Nf3 a6 3. Bc4 d5 4. Bxd5 Nc6 5. Ng5 e6 6. Qf3 Qxg5 7. Bxc6+ bxc6 8.
Nc3 e5 9. d4 Qg4 10. Qxg4 Bxg4 11. f3 Bd7 12. a3 exd4 13. Ne2 c5 14. Bf4 O-O-O
15. h4 Bb5 16. b3 d3 17. cxd3 Bxd3 18. h5 Bxe2 19. Kxe2 Ne7 20. Be5 Rg8 21. Bf6
Rd6 22. e5 Re6 23. Kd3 Nc6 24. hxg6 hxg6 25. f4 Na5 26. Kc3 Rb6 27. Rab1 c4 28.
b4 Nb3 29. Rhd1 Bg7 30. Kxc4 Bxf6 31. exf6 Na5+ 32. bxa5 Rxb1 33. Rxb1 g5 34. f5
g4 35. Rh1 Kd7 36. Kd5 Rg5 37. Ke4 g3 38. Kf4 Rg8 39. Rh7 Ke8 40. Rg7 Kf8 41.
Rxg3 Rxg3 42. Kxg3 Ke8 43. Kf4 Kd7 44. g4 Kd6 45. g5 Kd5 46. g6 fxg6 47. f7 gxf5
48. f8=Q c5 49. Qxf5+ Kd4 50. Qf6+ Kd5 51. Qxa6 c4 52. Ke3 Kc5 53. Qb6+ Kd5 54.
a6 c3 55. a7 c2 56. a8=Q+ Ke5 57. Qe4# 1-0

[Event "Challenge"]
[Site "http://www.queenalice.com/game.php?id=1284995"]
[Date "2014.5.30"]
[Round "-"]
[White "KaspaBranca"]
[Black "jpribeiro"]
[Result "0-1"]
[WhiteElo "2147"]
[BlackElo "1962"]

1. e4 e6 2. d4 d5 3. Nc3 Bb4 4. Bd2 dxe4 5. Nxe4 Qxd4 6. Bb5+ c6 7. Bd3 Bxd2+ 8.
Qxd2 Qd8 9. O-O-O Nf6 10. Nxf6+ Qxf6 11. Nf3 O-O 12. Be4 Nd7 13. g4 Nc5 14. g5
Nxe4 15. Qe2 Nxg5 16. Nxg5 Qxg5+ 17. Kb1 e5 18. f3 Be6 19. h4 Qe7 20. Rh2 Bf5
21. Rg1 Qc5 22. Rhg2 Bg6 23. h5 Bxh5 24. Rxg7+ Kh8 25. R1g5 Bg6 26. R7xg6 fxg6
27. a3 Rf5 28. Rg3 Qd5 29. c3 Rd8 30. Kc2 Rdf8 31. c4 Qd6 32. Rh3 Qf6 33. f4
Rxf4 34. Qd3 Rf2+ 35. Kd1 Rd8 36. Kc1 Rxd3 37. Rxd3 e4 38. Rb3 Qf4+ 39. Kb1 e3
40. Rb4 Qe4+ 41. Ka2 c5 42. Rb3 Qxc4 43. a4 Qxa4+ 44. Ra3 Qc4+ 45. Rb3 b5 46.
Kb1 Qxb3 0-1